| 000 | 00409nam a2200181Ia 4500 | ||
|---|---|---|---|
| 005 | 20250423094948.0 | ||
| 008 | 250422s9999 xx 000 0 und d | ||
| 020 | _a0-8499-0008-5 | ||
| 050 | _aBV4501.3.L815 | ||
| 100 | _aMax Lucado | ||
| 245 | 0 | _aCure for The Common Life | |
| 260 | _aUSA | ||
| 260 | _bW Publishing Group | ||
| 260 | _c2006 | ||
| 300 | _a220 p | ||
| 650 | _aLiterature | ||
| 942 | _cBK | ||
| 999 |
_c28823 _d28823 |
||